00827naa a2200229 i 450000100060000000300090000600500170001500800410003202100070007303500220008004000130010204100080011504300080012324500420013152001730017365100340034665000340038077301010041494200090051599900170052495200560054185479ES-MaBCM20241016125141.0020716s2002 fra 000 0 fre d axx a(OCoLC)1365246650 cES-MaBCM0 afre afra00aBalkans, les séquelles des conflits aDossier sobre el tema: Francia, Alemania y los Balcanes. Bosnia 6 años después de los acuerdos de Dayton. La economía de Kosovo. ¿Existe una cuestión albanesa?20aPaíses balcánicos911933027aSituación política9602830 aEn:tLe courrier des Pays de l'EstdParis : 2002w104826gnº 1.023, mars, p. 3-42. - Loc. S.328 cAREV c85479d85479 00104070aBCbBCd2012-04-21l0w2012-04-21yAREV